Princess in the spotlight / (Record no. 174403)
[ view plain ]
| 000 -LEADER | |
|---|---|
| fixed length control field | 01535cam a2200385 a 4500 |
| 001 - CONTROL NUMBER | |
| control field | 12429093 |
| 003 - CONTROL NUMBER IDENTIFIER | |
| control field | Nust |
| 005 - DATE AND TIME OF LATEST TRANSACTION | |
| control field | 20180720110350.0 |
| 008 - FIXED-LENGTH DATA ELEMENTS--GENERAL INFORMATION | |
| fixed length control field | 010601s2001 nyu c 000 1 eng |
| 010 ## - LIBRARY OF CONGRESS CONTROL NUMBER | |
| LC control number | 2001039143 |
| 020 ## - INTERNATIONAL STANDARD BOOK NUMBER | |
| International Standard Book Number | 0064472795 |
| 020 ## - INTERNATIONAL STANDARD BOOK NUMBER | |
| International Standard Book Number | 9780064472791 |
| Terms of availability | Rs. 316 |
| 038 ## - RECORD CONTENT LICENSOR | |
| Staff Name | Arshad |
| 040 ## - CATALOGING SOURCE | |
| Original cataloging agency | DLC |
| Transcribing agency | DLC |
| Modifying agency | DLC |
| 042 ## - AUTHENTICATION CODE | |
| Authentication code | lcac |
| 050 00 - LIBRARY OF CONGRESS CALL NUMBER | |
| Classification number | PZ7.C11165 |
| Item number | Pt 2001 |
| 082 00 - DEWEY DECIMAL CLASSIFICATION NUMBER | |
| Classification number | 823 |
| Author Mark | CAB |
| 100 1# - MAIN ENTRY--PERSONAL NAME | |
| Personal name | Cabot, Meg. |
| 9 (RLIN) | 11902 |
| 245 10 - TITLE STATEMENT | |
| Title | Princess in the spotlight / |
| Statement of responsibility, etc. | Meg Cabot. |
| 250 ## - EDITION STATEMENT | |
| Edition statement | 1st ed. |
| 260 ## - PUBLICATION, DISTRIBUTION, ETC. | |
| Place of publication, distribution, etc. | New York : |
| Name of publisher, distributor, etc. | HarperCollins, |
| Date of publication, distribution, etc. | 2001. |
| 300 ## - PHYSICAL DESCRIPTION | |
| Extent | 257 p. |
| Dimensions | 22 cm. |
| 490 1# - SERIES STATEMENT | |
| Series statement | The princess diaries ; |
| Volume/sequential designation | v. 2 |
| 520 ## - SUMMARY, ETC. | |
| Summary, etc. | Having recently discovered she is the sole heir to the throne of a tiny European principality, fourteen-year-old Manhattan resident Mia writes in her journal about her attempts to cope with this news, as well as with more typical teenage concerns. |
| 650 #1 - SUBJECT ADDED ENTRY--TOPICAL TERM | |
| Topical term or geographic name entry element | Princesses |
| Form subdivision | Fiction. |
| 9 (RLIN) | 11910 |
| 650 #1 - SUBJECT ADDED ENTRY--TOPICAL TERM | |
| Topical term or geographic name entry element | Diaries |
| Form subdivision | Fiction. |
| 9 (RLIN) | 11911 |
| 650 #1 - SUBJECT ADDED ENTRY--TOPICAL TERM | |
| Topical term or geographic name entry element | Schools |
| Form subdivision | Fiction. |
| 9 (RLIN) | 6715 |
| 650 #1 - SUBJECT ADDED ENTRY--TOPICAL TERM | |
| Topical term or geographic name entry element | Identity |
| Form subdivision | Fiction. |
| 9 (RLIN) | 11912 |
| 651 #1 - SUBJECT ADDED ENTRY--GEOGRAPHIC NAME | |
| Geographic name | New York (N.Y.) |
| Form subdivision | Fiction. |
| 9 (RLIN) | 4634 |
| 800 1# - SERIES ADDED ENTRY--PERSONAL NAME | |
| Personal name | Cabot, Meg. |
| Title of a work | Princess diaries ; |
| Volume/sequential designation | v. 2. |
| 9 (RLIN) | 11913 |
| 856 42 - ELECTRONIC LOCATION AND ACCESS | |
| Materials specified | Publisher description |
| Uniform Resource Identifier | <a href="http://www.loc.gov/catdir/description/hc043/2001039143.html">http://www.loc.gov/catdir/description/hc043/2001039143.html</a> |
| 906 ## - LOCAL DATA ELEMENT F, LDF (RLIN) | |
| a | 7 |
| b | cbc |
| c | orignew |
| d | 1 |
| e | ocip |
| f | 20 |
| g | y-gencatlg |
| 942 ## - ADDED ENTRY ELEMENTS (KOHA) | |
| Source of classification or shelving scheme | |
| Koha item type | Fiction |
| Withdrawn status | Lost status | Source of classification or shelving scheme | Damaged status | Not for loan | Collection code | Permanent Location | Current Location | Shelving location | Date acquired | Total Checkouts | Full call number | Barcode | Checked out | Date last seen | Date last checked out | Copy number | Price effective from | Koha item type |
|---|---|---|---|---|---|---|---|---|---|---|---|---|---|---|---|---|---|---|
| Central Library (CL) | Central Library (CL) | Fiction | 01/25/2017 | 1 | 823 CAB | CL691 | 05/21/2019 | 01/21/2019 | 01/21/2019 | 1 | 01/25/2017 | Fiction |
